Investigación en y para la escuela: VI Encuentro Interregional de Investigadores en Educación
সংরক্ষণ করুন:
| প্রধান লেখক: | , |
|---|---|
| বিন্যাস: | গ্রন্থ |
| ভাষা: | স্প্যানিশ |
| প্রকাশিত: |
Valdivia
Universidad Austral de Chile
2014
|
| সংস্করন: | 1a. ed |
| বিষয়গুলি: | |
| ট্যাগগুলো: |
ট্যাগ যুক্ত করুন
কোনো ট্যাগ নেই, প্রথমজন হিসাবে ট্যাগ করুন!
|
MARC
| LEADER | 00000cam a2200000 a 4500 | ||
|---|---|---|---|
| 001 | UCD1325 | ||
| 003 | CL-VaPUC | ||
| 008 | 160303e20140000cl |||||||||||||||||spa|d | ||
| 020 | |a 9789563440539 | ||
| 082 | 0 | 4 | |a 370.7 |b VEG |2 21 |
| 100 | 0 | |a Vega Ramírez, Javier |e author |9 584431 | |
| 700 | 0 | |a Toro Arévalo, Sergio |e author |9 584432 | |
| 245 | 1 | 0 | |a Investigación en y para la escuela: VI Encuentro Interregional de Investigadores en Educación |
| 250 | |a 1a. ed | ||
| 300 | |a 474 p | ||
| 942 | |c BK | ||
| 945 | |d 20160303 03:41:00 |a dcastane | ||
| 260 | |a Valdivia |b Universidad Austral de Chile |c 2014 | ||
| 650 | 0 | |a Investigación educacional |9 261192 | |
| 583 | |a last modification |c 20160303 03:41:00 |k Rodrigo Vera | ||
| 999 | |c 362686 |d 362684 | ||
| 952 | |0 0 |1 0 |3 erb |4 0 |6 370_700000000000000_VEG_2014 |7 0 |8 A |9 474105 |a BIBEDU |b BIBEDU |c ES_NOD |i 5264219 |l 1 |o 370.7 VEG 2014 |p 5264219 |r 2023-08-09 |s 2022-04-28 |w 2019-11-24 |y BK |z Catalogado en:20160303 |k EDU | ||